| 000 | 00470nam a2200157 a 4500 | ||
|---|---|---|---|
| 001 | 000036908 | ||
| 005 | 20240709130334.0 | ||
| 008 | 120206s2011 dr ac 000 0 spa d | ||
| 020 | _a9789945005134 | ||
| 040 |
_aDO-SdBNP _bspa _cBNPHU |
||
| 100 | 1 |
_aAlonso Romero, Mercedes _96652 |
|
| 245 | 1 | 0 |
_aSu nombre Patria / _cMercedes Alonso Romero. |
| 260 |
_aSanto Domingo : _bEditora Búho, _c2011. |
||
| 300 |
_a164 p. : _bil., retrs. ; _c23 cm. |
||
| 504 | _aBibliografía : p. | ||
| 999 |
_c36398 _d36398 |
||